00468nam a22001577a 450000500170000001000150001702000260003203500140005803700130007208200080008524500500009326000580014327000600020130000290026170000200029020170821113621.0 aENG-119730 a9788126453535c350.00 aEN-103262 bDBAD/PUB a000 aPSC typist manual /cedited by P. Vinod Kumar aKottayam (Kerala)biRank an imprint of Dc Booksc2015 aiRank an imprint of Dc BooksbKottayam (Kerala)e686001 a671p. :c24cm(pbk)bill. aVinod Kumar, P.